000
00225 a2200097 4500
001
37404
100
_a
Elliot, H M
245
_a
Akbar Nama of Abdul Fazal
260
_a
Lahore
_b
Islamic Book Service
_c
090
_c
23872
_d
23872
942
_a
NUST-CAE
_c
M
_c
15416
999
_c
272477
_d
272477